Physical education for blind children /

Bibliographic Details
Main Author: Buell, Charles E. (Charles Edwin), 1912-
Format: Book
Language:English
Published: Springfield, Ill. : Thomas, [1966]
Subjects:

MARC

Tag First Indicator Second Indicator Subfields
LEADER 00000cam a22000001 4500
001 in00000463578
005 20151012163627.0
008 711020s1966 ilua b 00010 eng
010 |a  66016787  
035 |a (OCoLC)00263919 
035 |9 ABZ6676AM 
040 |a DLC  |c DLC  |d TXA  |d UtOrBLW 
049 |a TXAM  |c 1 [1163778], 2 [465007] 
050 0 0 |a HV1767  |b .B79 
082 0 |a 371.911 
100 1 |a Buell, Charles E.  |q (Charles Edwin),  |d 1912- 
245 1 0 |a Physical education for blind children /  |c by Charles E. Buell. With forewords by Genevie Dexter and James R. Bancroft. 
264 1 |a Springfield, Ill. :  |b Thomas,  |c [1966] 
300 |a xix, 224 pages :  |b illustrations ;  |c 24 cm. 
336 |a text  |b txt  |2 rdacontent 
337 |a unmediated  |b n  |2 rdamedia 
338 |a volume  |b nc  |2 rdacarrier 
504 |a Bibliography: pages 212-218. 
650 0 |a Physical education for the blind. 
650 0 |a Blind children. 
999 |a MARS 
999 f f |s 12ec4c96-0169-36e5-abb6-68294b3c077c  |i aee88a26-125f-3326-b1bf-4ef8027a4bfa  |t 0 
952 f f |p normal  |a Texas A&M University  |b College Station  |c Sterling C. Evans Library  |d Evans: Library Stacks  |t 0  |e HV1767 .B79  |h Library of Congress classification  |i unmediated -- volume  |m A14803021882 
998 f f |a HV1767 .B79  |t 0  |l Evans: Library Stacks